Wiki as a first step in KMS implementation process
Charakteristika softvéru Wiki. Prečo by sa mala firma rozhodnúť pre implementáciu Wiki. Čo umožňuje firme implementácia Wiki. Výhody implementácie Wiki. KMS - Knowledge management system.
Na minha lista:
| Autor principal: | |
|---|---|
| Formato: | Capítulo de Livro |
| Idioma: | inglês |
| Assuntos: | |
| Tags: |
Sem tags, seja o primeiro a adicionar uma tag!
|
MARC
| LEADER | 00000nla$a2200000$$$4500 | ||
|---|---|---|---|
| 001 | 0144508 | ||
| 005 | 20250707085754.4 | ||
| 041 | 0 | |a eng | |
| 044 | |a SK | ||
| 245 | 1 | 0 | |a Wiki as a first step in KMS implementation process |c Andrej Miklošík |
| 520 | |a Charakteristika softvéru Wiki. Prečo by sa mala firma rozhodnúť pre implementáciu Wiki. Čo umožňuje firme implementácia Wiki. Výhody implementácie Wiki. KMS - Knowledge management system. | ||
| 610 | 2 | 0 | |a softvér |
| 610 | 2 | 0 | |a systémy riadenia |
| 610 | 2 | 0 | |a systémy znalostné |
| 610 | 2 | 0 | |a podnik |
| 100 | 1 | |a Miklošík, Andrej | |